Lo fundamental y lo mas efectivo acerca de la gestión de personal (Registro nro. 5096)
[ vista simple ]
| 000 -CABECERA | |
|---|---|
| campo de control de longitud fija | 00912aam a2200313 4500 |
| 005 - FECHA Y HORA DE ACTUALIZACIÓN | |
| campo de control | 20241016145551.0 |
| 008 - LONGITUD FIJA | |
| campo de control de longitud fija | 150504b xxu||||| |||| 00| 0 spa d |
| 041 ## - IDIOMA | |
| Código de idioma del texto/pista de sonido o título separado | |
| 082 ## - CLASIFICACIÓN DECIMAL DEWEY | |
| Número de clasificación | 658.3 F522f |
| 100 ## - AUTOR PERSONAL | |
| Nombre de persona | Firth, David |
| 245 ## - TÍTULO PROPIAMENTE DICHO | |
| Título | Lo fundamental y lo mas efectivo acerca de la gestión de personal |
| 260 ## - PIE DE IMPRENTA | |
| Lugar de publicación, distribución, etc. | Colombia |
| Nombre del editor, distribuidor, etc. | McGraw-Hill |
| Fecha de publicación, distribución, etc. | 2002 |
| 300 ## - DESCRIPCIÓN FÍSICA | |
| Extensión | 227 páginas |
| 650 ## - Materia General | |
| Materia general | ADMINISTRACIÓN DE PERSONAL |
| 650 ## - Materia General | |
| Materia general | RECURSOS HUMANOS |
| 650 ## - Materia General | |
| Materia general | GESTIÓN DE PERSONAL |
| 650 ## - Materia General | |
| Materia general | TALENTO |
| 650 ## - Materia General | |
| Materia general | COMO SER UN MEJOR JEFE |
| 650 ## - Materia General | |
| Materia general | COMO RECLUTAR AL PERSONAL |
| 650 ## - Materia General | |
| Materia general | ENTREVISTA DE CONTRATACIÓN |
| 650 ## - Materia General | |
| Materia general | CAMBIO DE PERSONAL |
| 650 ## - Materia General | |
| Materia general | EVALUACIÓN DEL DESEMPEÑO |
| 650 ## - Materia General | |
| Materia general | CULTURA ORGANIZACIONAL |
| 650 ## - Materia General | |
| Materia general | SITIOS DE TRABAJO SALUDABLES |
| 650 ## - Materia General | |
| Materia general | INTEGRIDAD |
| 650 ## - Materia General | |
| Materia general | LOGROS |
| 650 ## - Materia General | |
| Materia general | RESOLUCIÓN DE CONFLICTOS |
| 942 ## - Punto de Acceso Adicional Koha | |
| Tipo de ítem Koha | Libro |
| Estado perdido | Fuente de clasificación o esquema de estantería | Estado dañado | No para préstamo | Biblioteca permanente | Biblioteca actual | Signatura completa | Código de barras | Precio efectivo a partir del | Programa Académico | Tipo de ítem |
|---|---|---|---|---|---|---|---|---|---|---|
| Dewey Decimal Classification | Departamento de Biblioteca y Documentación Alfonso Chase Brenes | Departamento de Biblioteca y Documentación Alfonso Chase Brenes | 658.3 F522f | 9388 | 12/12/2016 | Libro |